Memoria anual 2002

Guardat en:
Dades bibliogràfiques
Autor corporatiu: Fundación San Ignacio del Huinay (Autor)
Format: Llibre
Idioma:espanyol
Publicat: Santiago Fundación Huinay 2002
Matèries:
Etiquetes: Afegir etiqueta
Sense etiquetes, Sigues el primer a etiquetar aquest registre!

MARC

LEADER 00000nam a2200000 a 4500
001 UCH4963
003 CL-VaPUC
008 090916e20020000CL |||||||||||||||||spa|d
082 0 4 |a 306.45  |b FUN  |2 21 
110 2 |a Fundación San Ignacio del Huinay  |e author  |9 541054 
245 1 0 |a Memoria anual 2002 
300 |a 28 p 
942 |c BK 
945 |d 20090916 00:00:00  |a rbrito 
260 |a Santiago  |b Fundación Huinay  |c 2002 
600 0 7 |a FUNDACION HUINAY  |2 CL-VaPUC  |9 541055 
650 0 |a Investigación científica  |9 259857 
650 7 |a CENTRO CIENTIFICO  |2 CL-VaPUC  |9 541056 
583 |a last modification  |c 20090916 00:00:00  |k Rodrigo Vera 
999 |c 336195  |d 336193 
952 |0 0  |1 0  |4 0  |6 306_450000000000000_FUN_2002  |7 0  |8 X  |9 427178  |a FDOBUD  |b FDOBUD  |d 2019-11-22  |i 4598113  |o 306.45 FUN 2002  |p 4598113  |r 2019-11-22  |w 2019-11-22  |y BK_X  |k FHP